000 00395nam a22001577a 4500
003 OSt
005 20211208144044.0
008 211208b |||||||| |||| 00| 0 eng d
020 _a0947885277
040 _cHU
082 _a371.144GIB1988
100 _a Gibbs, Graham
_922168
245 _a53 interesting ways to appraise your teaching
300 _a168P
_bPC
_c21CM
942 _2ddc
_cBOOKS
_n0
999 _c21877
_d21877